000 01132nam0a2200337 4500
001 RU\NLR\bibl\1383863
005 20250615194353.0
010 _a978-5-93295-469-0
_93000
021 _aRU
_b2009-31392
_91895
035 _a(nilc)RSL-KNO-004315713
035 _a(NLR Aleph) 001375936
090 _a1071425
_c1071425
100 _a20090410d2009 |||y0rusy50 ca
101 0 _arus
102 _aRU
105 _ay |||||||||
200 1 _aПреступное насилие
_fР. Д. Шарапов
210 _aМосква
_cЮрлитинформ
_d2009
215 _a490 с.
_cтабл.
_d21
225 1 _aБиблиотека криминалиста
_eБК
606 1 _aНасилие в уголовном праве
_yРоссийская Федерация
_92160562
_3RU\NLR\auth\661300293
686 _aХ628.111.3,0
_2rubbk
686 _aХ628.111.3
700 1 _aШарапов
_bР. Д.
_gРоман Дмитриевич
_4070
801 0 _aRU
_bРКП
_c20090410
_grcr
801 1 _aRU
_bРГБ
_c20090410
801 2 _aRU
_bNLR
_c20090619
_grcr
830 _aпо кн
942 _cBOOK
980 _aNB